Вопросы грамматической и лексической типологии. Проблемы преподавания иностранных языков в высшей и средней школе (Запись № 225868)

Подробности
000 -МАРКЕР
контрольное поле 01886nam1a2200337 i 4500
001 - ИДЕНТИФИКАТОР ЗАПИСИ
контрольное поле RU\NLR\bibl\44052
005 - ИДЕНТИФИКАТОР ВЕРСИИ
контрольное поле 20260407043554.0
035 ## - ДРУГИЕ СИСТЕМНЫЕ НОМЕРА
Идентификатор записи (NLR Aleph) 000042956
100 ## - ДАННЫЕ ОБЩЕЙ ОБРАБОТКИ
Данные общей обработки 19990819g19 9999k y0rusy50 ca
101 0# - ЯЗЫК РЕСУРСА
Язык текста, звукозаписи и т.д. русский
102 ## - СТРАНА ПУБЛИКАЦИИ ИЛИ ПРОИЗВОДСТВА
Страна публикации Российская Федерация
105 ## - ПОЛЕ КОДИРОВАННЫХ ДАННЫХ: ТЕКСТОВЫЕ МАТЕРИАЛЫ, МОНОГРАФИЧЕСКИЕ
Кодированные данные о монографическом текстовом документе ||||z |||||
200 1# - ЗАГЛАВИЕ И СВЕДЕНИЯ ОБ ОТВЕТСТВЕННОСТИ
Основное заглавие Вопросы грамматической и лексической типологии. Проблемы преподавания иностранных языков в высшей и средней школе
Сведения, относящиеся к заглавию Материалы междунар. конф. "21-е Дульзоновские чтения"
Первые сведения об ответственности [Отв. ред. д. филол. н., проф. О.А. Осипова]
210 ## - ПУБЛИКАЦИЯ, РАСПРОСТРАНЕНИЕ И ДР.
Место издания, распространения и т.д. Томск
Имя издателя, распространителя и т. д. Том. гос. пед. ун-т
Дата издания, распространения и т.д. 1998
215 ## - ФИЗИЧЕСКАЯ ХАРАКТЕРИСТИКА
Размеры 20
300 ## - ОБЩИЕ ПРИМЕЧАНИЯ
Текст примечания В надзаг.: М-во общ. и проф. образования Рос. Федерации, Том. гос. пед. ун-т
463 #0 - УРОВЕНЬ ФИЗИЧЕСКОЙ ЕДИНИЦЫ
Встроенное поле 00141593
606 ## - НАИМЕНОВАНИЕ ТЕМЫ КАК ПРЕДМЕТ
Наименование темы Языкознание
Формальный подзаголовок Съезды,совещания и т.п.
Системный номер авторитетной/нормативной записи 911558
Идентификатор авторитетной/нормативной записи RU\NLR\auth\6613279
606 ## - НАИМЕНОВАНИЕ ТЕМЫ КАК ПРЕДМЕТ
Наименование темы Иностранные языки
Формальный подзаголовок Съезды, совещания и т.п.
Тематический подзаголовок Преподавание
Системный номер авторитетной/нормативной записи 1409738
Идентификатор авторитетной/нормативной записи RU\NLR\auth\66282140
606 ## - НАИМЕНОВАНИЕ ТЕМЫ КАК ПРЕДМЕТ
Наименование темы Иностранные языки
Формальный подзаголовок Сборники
Тематический подзаголовок Преподавание
Системный номер авторитетной/нормативной записи 1409738
Идентификатор авторитетной/нормативной записи RU\NLR\auth\66282140
686 ## - ИНДЕКСЫ ДРУГИХ КЛАССИФИКАЦИЙ
Индекс Ш10я431
686 ## - ИНДЕКСЫ ДРУГИХ КЛАССИФИКАЦИЙ
Индекс Ч426.17(2)я431
686 ## - ИНДЕКСЫ ДРУГИХ КЛАССИФИКАЦИЙ
Индекс Ч486.17(2)я431
702 #1 - ИМЯ ЛИЦА - ВТОРИЧНАЯ ОТВЕТСТВЕННОСТЬ
Код отношения Редактор
Материалы, к которым относится поле rus
Графика поля Кириллица
Начальный элемент ввода Осипова
Часть имени, кроме начального элемента ввода О. А.
Дополнения к именам, кроме дат д-р филол. наук
Даты 1927-2013
Расширение инициалов личного имени Ольга Андреевна
Идентификатор авторитетной/нормативной записи RU\NLR\auth\77114119
Системный номер авторитетной/нормативной записи 97044
711 12 - НАИМЕНОВАНИЕ ОРГАНИЗАЦИИ - АЛЬТЕРНАТИВНАЯ ОТВЕТСТВЕННОСТЬ
Код отношения Автор
Начальный элемент ввода "Дульзоновские чтения", международная конференция
Порядковый номер временной организации и / или порядковый номер ее части 21
Дата проведения временной организации 1998
Место проведения временной организации Томск
Идентификатор авторитетной/нормативной записи RU\NLR\AUTH\8810016042
Системный номер авторитетной/нормативной записи 529928
801 #0 - ИСТОЧНИК ЗАПИСИ
Страна Российская Федерация
Организация NLR
Дата составления 19990819
Правила каталогизации PSBO
801 #1 - ИСТОЧНИК ЗАПИСИ
Страна Российская Федерация
Организация NLR
Дата составления 19990819
852 ## - МЕСТОНАХОЖДЕНИЕ И ШИФР ХРАНЕНИЯ
Идентификатор организации NLR
Шифр хранения (Call Number) 99-3/8935
942 ## - ДОПОЛНИТЕЛЬНЫЕ ЭЛЕМЕНТЫ ЗАПИСИ (АБИС)
Тип экземпляра АБИС Книга

Нет доступных экземпляров.